De probatis Sanctorum historiis, partim ex tomis Aloysii Lipomani doctissimi episcopi partim etiam ex egregiis manuscriptis codicibus quarum permultae antehàc in lucem prodiêre, nunc recèns optima fide collectis / per F. Laurentius Surius Carthusianus

Detalles Bibliográficos
Autor principal: Surius Carthusianus, Laurentius
Formato: Libro
Lenguaje:Undetermined
Latin
Publicado: Coloniae Agrippinae : apud Gervinum Calenium et haeredes Quentelios, 1572.
Materias:
Colección:Banco de datos
Acervo:Biblioteca Palafoxiana. Colección bibliográfica
Descripción Física:t. ; f°
Tema general:Hagiografía
Notas:Número de localización: t.3 (34207)
LEADER 00771nam a2200169Ia 4500
008 150723s9999 xx 000 0 und d
041 0 |a lat 
050 0 |a PAFX BR1710 S8 
100 1 |a Surius Carthusianus, Laurentius 
245 1 0 |a De probatis Sanctorum historiis, partim ex tomis Aloysii Lipomani doctissimi episcopi partim etiam ex egregiis manuscriptis codicibus quarum permultae antehàc in lucem prodiêre, nunc recèns optima fide collectis / per F. Laurentius Surius Carthusianus 
260 |a Coloniae Agrippinae : apud Gervinum Calenium et haeredes Quentelios, 1572. 
300 |a t. ; f° 
500 |a Número de localización: t.3 (34207) 
650 1 0 |a Hagiografía 
942 |c PALALIB 
943 |g Biblioteca Palafoxiana. Colección bibliográfica 
999 |c 1051176  |d 1051176